[Event "XVI ECC"]
[Site "Neum BIH"]
[Date "2000.09.28"]
[Round "5"]
[White "Huzman,A"]
[Black "Chernin,A"]
[Result "0-1"]
[WhiteElo "2574"]
[BlackElo "2572"]

1.Nf3 Nf6 2.c4 e6 3.d4 b6 4.a3 Bb7 5.Nc3 d5 6.Bf4 dxc4 7.e3 Bd6 8.Bg3 Nd5
9.Bxc4 Nxc3 10.bxc3 O-O 11.Qe2 Nc6 12.O-O Bxg3 13.fxg3 Qe7 14.Rf2 Na5 15.Bd3 Bxf3
16.Qxf3 c5 17.Qe4 g6 18.Ba6 Rad8 19.a4 f5 20.Qf4 e5 21.dxe5 Rd5 22.Bc4 Nxc4
23.Qxc4 Qe6 24.Rd2 Rxe5 25.Qxe6+ Rxe6 26.c4 Rxe3 27.Rb2 Rfe8 28.a5 Re2 29.Rxe2 Rxe2
30.axb6 axb6 31.Ra7 Rb2 32.Rb7 h5 33.h4 Kf8 34.Kf1 Rb4 35.Ke2 Ke8 36.Kd3 Rb3+
37.Ke2 Rxg3 38.Kf2 Rg4 39.Rxb6 Kf7 40.Rc6 Rxc4 41.g3 f4  0-1

[Event "It"]
[Site "Medellin COL"]
[Date "2000.10.06"]
[Round "11"]
[White "Pazos,P"]
[Black "Alvarez,Jose"]
[Result "1-0"]
[WhiteElo "2363"]
[BlackElo "2402"]

1.Nf3 Nf6 2.c4 e6 3.d4 b6 4.a3 Ba6 5.Qc2 c5 6.e4 cxd4 7.Nxd4 Bb7 8.Nc3 Nc6
9.Nxc6 Bxc6 10.Be2 Qb8 11.Be3 Bc5 12.Qd3 a5 13.f4 e5 14.f5 h5 15.O-O-O a4
16.g3 Ra5 17.h3 Qb7 18.Bf3 Bxe3+ 19.Qxe3 Rc5 20.Qd3 O-O 21.g4 Rc8 22.g5 Nh7
23.Rhg1 Nf8 24.g6 f6 25.Be2 b5 26.Qe3 b4 27.Qxc5 bxc3 28.Qb4 cxb2+ 29.Kd2 Qa7
30.c5 Rb8 31.Qc3 Kh8 32.Qe3 Qa5+ 33.Kc2 Bb5 34.Kb1 Bxe2 35.Qxe2 Qxc5 36.Rg3 Rc8
37.Kxb2 Qb6+ 38.Ka1 Rc5 39.Qxh5+ Kg8 40.Qe2 Qc6 41.Qd3 d6 42.Rg2 Nd7 43.Rb2 d5
44.exd5 Qd6 45.Qe4 Kf8 46.Qb4 Ke7 47.h4 Rc8 48.Qxd6+ Kxd6 49.Rb4 Re8 50.Rxa4 Nc5
51.Rb4 e4 52.Rb6+ Ke5 53.d6 Nd3 54.Rb7 Rd8 55.Rxg7 Rxd6 56.Re7+ Kxf5 57.g7 Rd8
58.h5 Rg8 59.Rg1  1-0

[Event "chT-SLO"]
[Site "Bled SLO"]
[Date "2000.10.15"]
[Round "2"]
[White "Cebalo,M"]
[Black "Farago,I"]
[Result "1/2-1/2"]
[WhiteElo "2520"]
[BlackElo "2486"]

1.d4 Nf6 2.c4 e6 3.Nf3 b6 4.a3 Ba6 5.Qc2 Bb7 6.Nc3 c5 7.e4 cxd4 8.Nxd4 Bc5
9.Nb3 Nc6 10.Bg5 h6 11.Bh4 Nd4 12.Nxd4 Bxd4 13.Bd3 Be5 14.Bg3 Qb8 15.O-O-O O-O
16.Qd2 Rd8 17.Bxe5 Qxe5 18.f4 Qc5 19.Kb1 d5 20.cxd5 exd5 21.e5 d4 22.Na4 Ne4
23.Nxc5 Nxd2+ 24.Rxd2 bxc5 25.Rc1 Rac8 26.g3 Bd5 27.Bc4 Kf8 28.Bxd5 Rxd5
29.Rc4 Rb8 30.Kc2 g6 31.Ra4 Rd7 32.Kd3 Rdb7 33.Kc4 Rxb2 34.Rxb2 Rxb2 35.Kxc5 Rxh2
36.Rxd4  1/2-1/2

[Event "TCh-SVK"]
[Site "SVK"]
[Date "2000.10.22"]
[Round "2"]
[White "Debnar,L"]
[Black "Timoscenko,G"]
[Result "1/2-1/2"]
[WhiteElo "2351"]
[BlackElo "2529"]

1.d4 Nf6 2.c4 e6 3.Nf3 b6 4.a3 Ba6 5.Nbd2 Bb7 6.g3 c5 7.Bg2 cxd4 8.O-O Qc7
9.Nxd4 Bxg2 10.Kxg2 Qb7+ 11.f3 Be7 12.b4 O-O 13.N2b3 d6 14.Bb2 Rc8 15.Nd2 Nbd7
16.e4 a6 17.Qe2 Rc7 18.Rac1 Rac8 19.Rc2 Ne5 20.Rfc1 Ne8 21.b5 a5 22.f4 Nd7
23.Qf3 Bf8 24.Nc6 Nb8 25.Nxb8 Rxb8 26.Nb3 Rbc8 27.Nd4 Nf6 28.Nc6 Nd7 29.Bd4 Nb8
30.Nxb8 Rxb8 31.a4 Rd7 32.f5 Rc7 33.Rc3 Rbc8 34.Kh3 exf5  1/2-1/2

[Event "It"]
[Site "Alushta UKR"]
[Date "2000.10.23"]
[Round "9"]
[White "Shalimov,V UKR"]
[Black "Andreev,Ed"]
[Result "0-1"]
[WhiteElo "2406"]
[BlackElo "2433"]

1.d4 Nf6 2.Nf3 e6 3.c4 b6 4.a3 Ba6 5.Qc2 Bb7 6.Nc3 c5 7.e4 cxd4 8.Nxd4 Nc6
9.Nxc6 Bxc6 10.Bf4 Bc5 11.Be2 O-O 12.O-O Ne8 13.Rad1 Qf6 14.Bg3 Bd4 15.Rd3 e5
16.Bg4 Qg5 17.Bf3 Nc7 18.Nd5 Ne6 19.b4 h5 20.Qc1 Qxc1 21.Rxc1 g6 22.Kf1 a5
23.Rxd4 exd4 24.Nxb6 Ra6 25.Nd5 axb4 26.axb4 Rfa8 27.Be5 Ra1 28.Rxa1 Rxa1+
29.Ke2 Ba4 30.Nf4 Ra2+ 31.Ke1 Ra1+ 32.Kd2 Ra2+ 33.Ke1 f6 34.Bd6 Ng5 35.b5 Nxf3+
36.gxf3 Rb2 37.Bc5 Rc2 38.b6 Bc6 39.Nxg6 Rxc4 40.Ba3 Rc3 41.Bb2 Rc4 42.Ne7+ Kh7
43.Nf5 d5 44.Nxd4 Bb7 45.Nf5 dxe4 46.Nd6 Rb4 47.Bc3 Rxb6 48.Nxb7 Rxb7 49.fxe4 Kg6
50.Ke2 Kg5 51.f3 Rb3 52.h4+ Kxh4 53.Bxf6+ Kg3 54.Be5+ Kg2 55.f4 h4 56.f5 h3
57.f6 Rf3 58.Bc7 Rxf6 59.Ke3 Rf3+ 60.Kd4 Rg3  0-1

[Event "34th Olympiad"]
[Site "Istanbul TUR"]
[Date "2000.10.29"]
[Round "2"]
[White "Sharavdorj,D"]
[Black "Kunte,A"]
[Result "1/2-1/2"]
[WhiteElo "2448"]
[BlackElo "2556"]

1.d4 Nf6 2.Nf3 e6 3.c4 b6 4.a3 c5 5.d5 Ba6 6.Qc2 exd5 7.cxd5 g6 8.Nc3 Bg7
9.g3 O-O 10.Bg2 d6 11.O-O Re8 12.Re1 b5 13.h3 Nbd7 14.e4 Qc8 15.Bf1 b4 16.Nb5 Bxb5
17.Bxb5 Rb8 18.Qc4 Ne5 19.Nxe5 Rxe5 20.Kg2 Nxd5 21.axb4 Nc7 22.Ba6 Qd7 23.bxc5 Rxc5
24.Qa4 Qe6 25.Re2 d5 26.Bd3 a6 27.Be3 d4 28.Bxd4 Rh5 29.g4 Rh4 30.Bxg7 Kxg7
31.Qd4+ Kg8 32.Bc4 Qe7 33.Rd1 h5 34.Qd7 Re8 35.Kg3 g5 36.Qxe7 Rxe7 37.f3 Kg7
38.Red2 hxg4 39.Rd7 Rxd7 40.Rxd7 gxh3 41.Rxf7+ Kg6 42.Kh2 Nb5 43.Rd7 Kf6
44.Rd2 Ke5 45.Bxb5 axb5 46.Kg3 b4 47.Rh2 b3  1/2-1/2

[Event "34th Olympiad"]
[Site "Istanbul TUR"]
[Date "2000.10.29"]
[Round "2"]
[White "Banikas,H"]
[Black "Psakhis,L"]
[Result "1/2-1/2"]
[WhiteElo "2542"]
[BlackElo "2611"]

1.d4 e6 2.c4 Nf6 3.Nf3 b6 4.a3 Bb7 5.Nc3 d5 6.cxd5 Nxd5 7.Qc2 Nxc3 8.bxc3 Be7
9.e4 O-O 10.Bd3 c5 11.O-O Qc8 12.Qa2 Qc7 13.d5 exd5 14.exd5 Nd7 15.c4 Bf6
16.Bb2 Rfe8 17.Rae1 Rad8 18.Qb1 Bxb2 19.Qxb2 Nf6 20.a4 Rxe1 21.Rxe1 Re8 22.Re3 Rxe3
23.fxe3 Bc8 24.Qe5 Qxe5 25.Nxe5 Bd7 26.Bc2 Kf8 27.h3 Ke7 28.e4 Ne8 29.Nxd7 Kxd7
30.e5 g6 31.g4 f6 32.e6+ Ke7 33.Kf2  1/2-1/2

[Event "34th Olympiad"]
[Site "Istanbul TUR"]
[Date "2000.10.29"]
[Round "2"]
[White "Sharavdorj,D"]
[Black "Kunte,A"]
[Result "1/2-1/2"]
[WhiteElo "2448"]
[BlackElo "2556"]

1.d4 Nf6 2.Nf3 e6 3.c4 b6 4.a3 c5 5.d5 Ba6 6.Qc2 exd5 7.cxd5 g6 8.Nc3 Bg7
9.g3 O-O 10.Bg2 d6 11.O-O Re8 12.Re1 b5 13.h3 Nbd7 14.e4 Qc8 15.Bf1 b4 16.Bb5 Rb8
17.Ne5 Rxe5 18.Kg2 Nxd5 19.axb4 Nc7 20.Bxa6 d5 21.Re2 Rh5 22.Qa4 Rh4 23.g4 h5
24.Qxd7 g5 25.Kg3 hxg4 26.f3 gxh3 27.Kh2 Nb5 28.Rd2 cxb4 29.Kg3 b3 30.Rh2  1/2-1/2

[Event "34th Olympiad"]
[Site "Istanbul TUR"]
[Date "2000.10.29"]
[Round "2"]
[White "Banikas,H"]
[Black "Psakhis,L"]
[Result "1/2-1/2"]
[WhiteElo "2542"]
[BlackElo "2611"]

1.d4 e6 2.c4 Nf6 3.Nf3 b6 4.a3 Bb7 5.Nc3 d5 6.cxd5 Nxd5 7.Qc2 Nxc3 8.bxc3 Be7
9.e4 O-O 10.Bd3 c5 11.O-O Qc8 12.Qa2 Qc7 13.d5 exd5 14.exd5 Nd7 15.c4 Bf6
16.Bb2 Rfe8 17.Rae1 Rad8 18.Qb1 Bxb2 19.Qxb2 Nf6 20.a4 Rxe1 21.Rxe1 Re8 22.Re3 Rxe3
23.fxe3 Bc8 24.Ne5 Bd7 25.Bc2 Kf8 26.h3 Ke7 27.e4 Ne8 28.Nxd7 Kxd7 29.e5 g6
30.g4 f6 31.e6+ Ke7 32.Kf2  1/2-1/2

[Event "34th Olympiad"]
[Site "Istanbul TUR"]
[Date "2000.11.01"]
[Round "5"]
[White "Anastasian,A"]
[Black "Grigoryan,K"]
[Result "1-0"]
[WhiteElo "2571"]
[BlackElo "2399"]

1.d4 Nf6 2.c4 e6 3.Nf3 b6 4.a3 c5 5.d5 Ba6 6.Qb3 exd5 7.cxd5 g6 8.Bf4 d6
9.Nc3 Bg7 10.g3 O-O 11.Bg2 Re8 12.O-O Bxe2 13.Nxe2 Rxe2 14.Rfe1 Rxe1+ 15.Rxe1 h6
16.Nd2 Bf8 17.Nc4 g5 18.Bd2 Nbd7 19.h4 g4 20.Bc3 a6 21.Qc2 b5 22.Na5 Ne5
23.Nc6 Nxc6 24.dxc6 Ra7 25.Qf5 Bg7 26.Bxf6 Bxf6 27.Re4 Bxb2 28.Rxg4+ Kf8
29.Qh7 Ke7 30.Bd5  1-0

[Event "34th Olympiad"]
[Site "Istanbul TUR"]
[Date "2000.11.02"]
[Round "6"]
[White "Markos,J"]
[Black "Romanishin,O"]
[Result "1/2-1/2"]
[WhiteElo "2327"]
[BlackElo "2591"]

1.d4 Nf6 2.c4 e6 3.Nf3 b6 4.a3 Bb7 5.Nc3 Ne4 6.Nxe4 Bxe4 7.Nd2 Bb7 8.e4 d6
9.Bd3 Nd7 10.O-O g6 11.Nf3 Bg7 12.Bg5 Qc8 13.Qc2 O-O 14.Rad1 Re8 15.h4 e5
16.d5 h6 17.Be3 Nf6 18.Nh2 Qd8 19.b4 Bc8 20.c5 Bd7 21.Rc1 dxc5 22.bxc5 Bf8
23.Rfd1 Ng4 24.Nxg4 Bxg4 25.f3 Bd7 26.g3 bxc5 27.Bxc5 Bd6 28.Kg2 Qe7 29.Bxd6 cxd6
30.Qd2 Kg7 31.Rc3 Rec8 32.Rdc1 Qd8 33.Rxc8 Rxc8 34.Rxc8 Qxc8 35.Qb4 Qc7 36.Qc4 Qb6
37.Qb4 Qc7 38.Qc4 Qxc4 39.Bxc4 Kf6 40.Kf2 Ke7 41.Ke3 Kd8 42.f4 f6 43.fxe5 fxe5
44.Kd3 Kc7 45.Kc3 Kb6 46.Kb4 Bg4 47.Bd3 Bf3 48.Bb1 Be2 49.Bc2 Kc7 50.Kc3 Bf1
51.Bd3 Bg2 52.Kb4 Kb6 53.Bb1 Bf3 54.Bd3 Bd1 55.Bb1 a5+ 56.Kc4 Ba4 57.Kc3 Kc7
58.Bc2 Bd7 59.Kc4 Kd8 60.Bd1 Ke7 61.Be2 Kf6 62.Bf3 g5 63.Bd1 Kg6 64.Bf3 Kf6
65.Bd1 gxh4 66.gxh4 Ke7 67.Be2 Kd8 68.Bd3 Kc7 69.Bc2 Kb6 70.Bd3 Ba4 71.Bb1 Bb5+
72.Kc3 Kc5 73.Bc2 Bf1 74.Bb1 Be2 75.Bc2 Kb6 76.Bd3 Bg4 77.Kc4 Bd7 78.Bc2 Bb5+
79.Kc3  1/2-1/2

[Event "Chigorin Mem"]
[Site "St Petersburg RUS"]
[Date "2000.11.02"]
[Round "3"]
[White "Eljanov,P"]
[Black "Paramonov,D"]
[Result "1-0"]
[WhiteElo "2487"]
[BlackElo "2332"]

1.d4 Nf6 2.Nf3 e6 3.c4 b6 4.a3 Bb7 5.Nc3 d5 6.cxd5 exd5 7.Bf4 Bd6 8.Bg3 a6
9.e3 O-O 10.Bd3 Qe7 11.O-O Bxg3 12.hxg3 Nbd7 13.b4 Ne4 14.Qc2 Rac8 15.Rab1 f5
16.Qb3 c6 17.Be2 Kh8 18.a4 Rf6 19.Nxe4 fxe4 20.Nd2 Re8 21.Ra1 Nf8 22.Bh5 Rd8
23.f4 exf3 24.Nxf3 g6 25.Bg4 h5 26.Ne5 Rdd6 27.Bh3 Nh7 28.Qd3 Kg7 29.b5 axb5
30.axb5 c5 31.Rxf6 Rxf6 32.Ra7 c4 33.Qc2 Qc7 34.Bd7 Qb8 35.Qa4 Kg8 36.Bc6 Bc8
37.Ra8 Qc7 38.Bxd5+ Kh8 39.Qxc4 Qxc4 40.Bxc4 Rf8 41.Nxg6+  1-0

[Event "Chigorin Mem"]
[Site "St Petersburg RUS"]
[Date "2000.11.04"]
[Round "4"]
[White "Shalimov,V UKR"]
[Black "Neverov,V"]
[Result "0-1"]
[WhiteElo "2406"]
[BlackElo "2547"]

1.d4 Nf6 2.Nf3 e6 3.c4 b6 4.a3 Bb7 5.Nc3 g6 6.Qc2 Bg7 7.e4 d6 8.Bd3 Nbd7
9.O-O O-O 10.Re1 c5 11.d5 Ng4 12.Bg5 Bf6 13.Bf4 Nde5 14.Be2 exd5 15.cxd5 Nxf3+
16.Bxf3 Ne5 17.Be2 Bg7 18.Bg3 a6 19.a4 Re8 20.f4 Nd7 21.Bg4 c4 22.Bxd7 Qxd7
23.e5 b5 24.axb5 axb5 25.Rad1 b4 26.Ne4 dxe5 27.fxe5 Bxd5 28.Qd2 Rad8 29.Nf6+ Bxf6
30.exf6 Rxe1+ 31.Rxe1 Be6 32.Qxb4 Qd4+ 33.Bf2 Qxf6 34.h3 h6 35.Qc3 Qxc3 36.bxc3 Rd2
37.Bd4 g5 38.Rf1 Bd5 39.Rf2 Rd3 40.Rf5 Be4 41.Re5 f5 42.g4 Rg3+ 43.Kf2 Rxh3
44.gxf5 Rf3+ 45.Ke2 Rf4 46.Re6 Bxf5 47.Rxh6 g4 48.Rh2 Bd3+ 49.Ke1 g3 50.Rg2 Rf1+
51.Kd2 Rf3 52.Rg1 Kf7 53.Re1 g2 54.Bg1 Rf1 55.Bd4 Rh1 56.Bf2 Kg6 57.Bg1 Bf1
58.Bd4 Kf5 59.Re5+ Kf4  0-1

[Event "Chigorin Mem"]
[Site "St Petersburg RUS"]
[Date "2000.11.05"]
[Round "5"]
[White "Klimov,S"]
[Black "Yemelin,V"]
[Result "1/2-1/2"]
[WhiteElo "2435"]
[BlackElo "2510"]

1.d4 Nf6 2.c4 e6 3.Nf3 b6 4.a3 Ba6 5.Qc2 Bb7 6.Nc3 c5 7.e4 cxd4 8.Nxd4 Nc6
9.Nxc6 Bxc6 10.Bg5 Qb8 11.Bd3 Be7 12.Qe2 h6 13.Bd2 e5 14.O-O Bc5 15.Nd5 Bxd5
16.cxd5 O-O 17.Ba6 Ne8 18.Bc3 Nc7 19.Bd3 Bd6 20.Qg4 Qd8 21.f4 Re8 22.Kh1 f6
23.f5 Qe7 24.Bd2 Kf8 25.Be2 Rec8 26.Rf3 Ne8 27.Rg3 Rc2 28.Bc3 Rc8 29.Ba6 R8xc3
30.Rxc3 Rxc3 31.bxc3 Bxa3 32.d6 Qxd6 33.Bc4 Qc5 34.Qe2 Nd6 35.Bd5 Qxc3 36.Qa2 Bb2
37.Rb1 Bc1 38.Qe2 a5 39.Rxb6 Be3 40.Rb1 a4 41.Qa6 Ke7 42.Qxa4 h5 43.Qb3 Qc5
44.h4 Bd2 45.Qf3 Bc1 46.Qd1 Bf4 47.Qf3 Nb5 48.Qxh5 Qf2 49.Ra1 Kd8 50.Qg4 Nc3
51.Qf3 Qxh4+ 52.Qh3 Qxh3+ 53.gxh3 Nxd5 54.exd5 Kc7 55.Ra6 Kb7 56.Ra4 Kc7
57.Ra6 Kb7 58.Ra4 Kc7 59.Ra6  1/2-1/2

[Event "34th Olympiad"]
[Site "Istanbul TUR"]
[Date "2000.11.09"]
[Round "12"]
[White "Krasenkow,M"]
[Black "Hansen,Cu"]
[Result "1/2-1/2"]
[WhiteElo "2702"]
[BlackElo "2613"]

1.d4 Nf6 2.c4 e6 3.Nf3 b6 4.a3 Bb7 5.Nc3 d5 6.cxd5 Nxd5 7.Bd2 Be7 8.Qc2 O-O
9.e4 Nxc3 10.Bxc3 Nd7 11.Rd1  1/2-1/2

[Event "34th Olympiad Women"]
[Site "Istanbul TUR"]
[Date "2000.11.09"]
[Round "12"]
[White "Baginskaite,C"]
[Black "Hunt,H"]
[Result "0-1"]
[WhiteElo "2287"]
[BlackElo "2454"]

1.d4 Nf6 2.c4 e6 3.Nf3 b6 4.a3 Ba6 5.Qc2 Bb7 6.Nc3 c5 7.e4 cxd4 8.Nxd4 Nc6
9.Nxc6 Bxc6 10.Be2 Qb8 11.f4 e5 12.O-O Bd6 13.f5 Bc5+ 14.Kh1 h5 15.Bd2 Ng4
16.Bxg4 hxg4 17.Be1 Qd6 18.Bg3 Qh6 19.Qd3 f6 20.Nd5 Kf7 21.Nb4 Qe3 22.Nxc6  0-1

[Event "34th Olympiad"]
[Site "Istanbul TUR"]
[Date "2000.11.09"]
[Round "12"]
[White "Hoffman,A"]
[Black "Olafsson,H"]
[Result "1-0"]
[WhiteElo "2491"]
[BlackElo "2478"]

1.Nf3 Nf6 2.c4 b6 3.d4 e6 4.a3 Bb7 5.Nc3 d5 6.Bg5 Nbd7 7.cxd5 exd5 8.Qa4 c6
9.g3 Be7 10.Bxf6 Nxf6 11.Bg2 O-O 12.O-O Bd6 13.Rad1 Qe7 14.Nd2 c5 15.dxc5 Bxc5
16.Nb3 Rfd8 17.e3 a6 18.Nxc5 bxc5 19.Rfe1 a5 20.Re2 Qe6 21.Red2 Bc6 22.Qc2 Rac8
23.Ne2 g5 24.Qxc5 Ba4 25.Qxa5 Bxd1 26.Rxd1 Qg4 27.Qd2 Ne4 28.Qe1 Qf5 29.Nd4 Qf6
30.Qe2 Rc5 31.Bxe4 dxe4 32.b4 Rc3 33.a4 Rd5 34.a5 Ra3 35.Qc2 Qe7 36.Qc8+ Qd8
37.Qxd8+ Rxd8 38.Rc1 Ra4 39.b5 Rdxd4 40.exd4 Rxa5 41.Rb1 Kf8 42.b6 Ra8 43.b7 Rb8
44.g4 Ke7 45.Kf1  1-0

[Event "Chigorin Mem"]
[Site "St Petersburg RUS"]
[Date "2000.11.09"]
[Round "8"]
[White "Shvedov,S"]
[Black "Zvezdov,N"]
[Result "1-0"]
[WhiteElo "2363"]
[BlackElo "2285"]

1.d4 Nf6 2.c4 e6 3.Nf3 b6 4.a3 Bb7 5.Nc3 d5 6.cxd5 Nxd5 7.Qc2 Be7 8.e4 Nxc3
9.bxc3 c5 10.Bb5+ Bc6 11.Bd3 Nd7 12.O-O Qc7 13.Qe2 Rd8 14.Re1 e5 15.d5 Ba4
16.c4 O-O 17.Bb2 a6 18.Bc3 Rb8 19.Qb2 Bf6 20.Qd2 Rfe8 21.Bf1 Nf8 22.g3 Ng6
23.h4 Qd6 24.Nh2 Ne7 25.Ng4 Bd7 26.Nxf6+ gxf6 27.Qh6 Ng6 28.h5 Qf8 29.Qe3 Ne7
30.Be2 Nc8 31.h6 Nd6 32.a4 Qe7 33.Bd3 Kh8 34.Kg2 Rg8 35.Rh1 Rgc8 36.Rhb1 Kg8
37.Qf3 Kf8 38.Qe3 Ke8 39.Ra2 Kd8 40.Qe2 Qf8 41.Qe3 Qe8 42.Rxb6 Rxb6 43.Ba5 Rb8
44.Rb2 Nc8 45.Rxb6 Nxb6 46.Qxc5 Qg8 47.Qd6 Rb7 48.c5 Ke8 49.c6 Nc8 50.cxb7 Nxd6
51.b8=Q+ Nc8 52.Qc7 Ke7 53.d6+ Nxd6 54.Bb4 Qg4 55.Bxd6+ Ke8 56.Qb8+ Bc8 57.Bxa6 Qxe4+
58.Kh2 Qc2 59.Qxc8+  1-0

[Event "Chigorin Mem"]
[Site "St Petersburg RUS"]
[Date "2000.11.09"]
[Round "8"]
[White "Akimov,I"]
[Black "Solozhenkin,E"]
[Result "0-1"]
[WhiteElo "2258"]
[BlackElo "2504"]

1.Nf3 Nf6 2.d4 e6 3.c4 b6 4.a3 Ba6 5.Qc2 Bb7 6.Nc3 c5 7.e4 cxd4 8.Nxd4 d6
9.Be2 a6 10.O-O Qc7 11.Be3 Nbd7 12.f3 Rc8 13.Rac1 Be7 14.Rfd1 O-O 15.Bf1 Qb8
16.Qf2 Bd8 17.b4 Bc7 18.Qh4 Rfe8 19.Nce2 Ne5 20.Qf2 d5 21.cxd5 Nc4 22.Bg5 Nxd5
23.Rxc4 Bxh2+ 24.Kh1 Rxc4 25.g3 Nc3 26.Rc1 Nxe2 27.Nxe2 Bxg3 28.Qe3 Rxc1
29.Nxc1 h6 30.Kg2 hxg5  0-1

[Event "34th Olympiad"]
[Site "Istanbul TUR"]
[Date "2000.11.10"]
[Round "13"]
[White "Malakhatko,V"]
[Black "Psakhis,L"]
[Result "1/2-1/2"]
[WhiteElo "2564"]
[BlackElo "2611"]

1.d4 Nf6 2.c4 e6 3.Nf3 b6 4.a3 Bb7 5.Nc3 d5 6.Bg5 Be7 7.cxd5 Nxd5 8.Bxe7 Nxe7
9.e4 Nd7 10.Bc4 O-O 11.O-O c5 12.dxc5 Nxc5 13.Qe2 a6 14.Rac1 Ng6 15.Rfd1 Qe7
16.b4 Nd7 17.Qe3 b5 18.Bf1 Nf6 19.Nd2 Rfc8 20.Nb3 Bc6 21.f3 Be8 22.e5 Nd7
23.f4 f6 24.exf6 Nxf6 25.Nc5 Bf7 26.Be2 Re8 27.Bf3 Ra7 28.g3 e5 29.f5 Nf8
30.Bc6 Rc8 31.Bf3 h6 32.Re1 Re8 33.Rcd1 Kh8 34.Bc6 Rc8 35.Bf3 Re8 36.Qf2 Qc7
37.N3e4 Nxe4 38.Bxe4 Qb6 39.Rd2 Nh7 40.Red1 Nf6 41.Qe3 Qc7 42.Rd6 Qe7 43.Bc6 Rc8
44.Ne6 a5 45.Qxe5 axb4 46.axb4 Bg8 47.Qd4 Ra2 48.Rd2 Ra6 49.Bf3 Rxd6 50.Qxd6 Qxd6
51.Rxd6 Rc4 52.Rb6 Rxb4 53.Rb7 g5 54.Nf8 Bc4 55.Ng6+ Kg8 56.Rb8+ Kg7 57.Rb7+  1/2-1/2

[Event "34th Olympiad"]
[Site "Istanbul TUR"]
[Date "2000.11.12"]
[Round "14"]
[White "Mitkov,M"]
[Black "Anastasian,A"]
[Result "1-0"]
[WhiteElo "2402"]
[BlackElo "2571"]

1.d4 Nf6 2.c4 e6 3.Nf3 b6 4.a3 Bb7 5.Nc3 d5 6.cxd5 exd5 7.Bg5 Be7 8.Qa4+ c6
9.Bxf6 Bxf6 10.e3 O-O 11.Rd1 Nd7 12.Bd3 a6 13.O-O c5 14.Bf5 cxd4 15.Nxd4 Nc5
16.Qc2 g6 17.Bg4 Qe7 18.Rd2 h5 19.Bf3 Rfd8 20.Rfd1 Ne4 21.Bxe4 dxe4 22.Qb3 b5
23.Nde2 Be5 24.Nd5 Bxd5 25.Rxd5 Rac8 26.Nd4 Rd6 27.g3 h4 28.Rxd6 Bxd6 29.Qd5 h3
30.Ne2 Rc2 31.Rd2 Rxd2 32.Qxd2 Be5 33.Nf4 Bxf4 34.exf4 Qc5 35.Kf1 Qc4+ 36.Ke1 a5
37.Qxa5 Qc1+ 38.Ke2 Qxb2+ 39.Ke3 Qb1 40.Qa8+ Kh7 41.Qxe4 Qc1+ 42.Ke2 Qb2+
43.Ke1 Qxa3 44.f5 g5 45.Qd5 Qe7+ 46.Kd2 b4 47.Kd3 Qa7 48.Ke4 Qc7 49.Kf3 Qc3+
50.Kg4 Kg7 51.Kxg5 b3 52.Qd6 b2 53.f6+ Kh7 54.Qd5 Qd2+ 55.Qxd2 b1=Q 56.Qf4 Kg8
57.Kh4  1-0

[Event "72nd ch-GER"]
[Site "Seebad Heringsdorf GER"]
[Date "2000.11.17"]
[Round "1"]
[White "Berezovsky,I"]
[Black "Heinrich,A"]
[Result "1-0"]
[WhiteElo "2404"]
[BlackElo "2146"]

1.d4 Nf6 2.Nf3 e6 3.c4 b6 4.a3 Bb7 5.Nc3 d5 6.Qc2 c5 7.cxd5 Nxd5 8.e4 Nxc3
9.bxc3 Nc6 10.Bb2 Bd6 11.Rd1 Qe7 12.e5 Bc7 13.Bd3 h6 14.O-O O-O 15.Rfe1 Na5
16.Qe2 Rac8 17.Bb1 cxd4 18.cxd4 Bd8 19.Qd3 g6 20.Nd2 Kg7 21.Ne4 Nc4 22.Bc1 b5
23.Nf6 Rh8 24.h4 h5 25.d5 exd5 26.Nxd5 Qc5 27.Nf4 Bb6 28.Ne6+ fxe6 29.Qxg6+ Kf8
30.Bh6+ Rxh6 31.Qxh6+ Kg8 32.Bh7+ Kh8 33.Bg6+  1-0

[Event "72nd ch-GER"]
[Site "Seebad Heringsdorf GER"]
[Date "2000.11.21"]
[Round "5"]
[White "Slobodjan,R"]
[Black "Buhmann,R"]
[Result "1-0"]
[WhiteElo "2539"]
[BlackElo "2416"]

1.Nf3 Nf6 2.c4 e6 3.d4 b6 4.a3 Bb7 5.Nc3 d5 6.cxd5 Nxd5 7.e3 Be7 8.Bd3 Nxc3
9.bxc3 c5 10.O-O Nc6 11.e4 cxd4 12.cxd4 O-O 13.Be3 Rc8 14.Qe2 Na5 15.Rfd1 Kh8
16.Re1 f5 17.exf5 exf5 18.Bf4 Bd6 19.Ne5 Rc3 20.Bd2 Rc7 21.Rad1 Qh4 22.Bb4 Bxb4
23.axb4 Nc6 24.d5 Nxb4 25.d6 Rcc8 26.d7 Rcd8 27.Bc4 Bc6 28.Rd6 Qg5 29.Nxc6 Nxc6
30.Rxc6 Rxd7 31.Qe6 Qd8 32.h3 Rc7 33.Rd6 Qc8 34.Qxc8 Rfxc8 35.Ba6 Rf8 36.Rd2 g6
37.Red1 Kg7 38.Rd7+ Rf7 39.Rxc7 Rxc7 40.f4 Kf6 41.Rd8 Rc1+ 42.Kf2 Ra1 43.Be2 Ra4
44.g3 Ra2 45.Ke3 h6 46.Rd6+ Kg7 47.Rd7+ Kf8 48.g4 fxg4 49.hxg4 Ra5 50.Bd3 g5
51.f5 Ra4 52.Be4 b5 53.Rb7 a6 54.f6  1-0

[Event "It Jose Rubinstein"]
[Site "Vicente Lopez ARG"]
[Date "2000.11.23"]
[Round "8"]
[White "Bernal,G"]
[Black "Quiroga,F"]
[Result "0-1"]
[WhiteElo "2120"]
[BlackElo "2398"]

1.d4 Nf6 2.c4 e6 3.Nf3 b6 4.a3 Ba6 5.Qc2 Bb7 6.Nc3 c5 7.e4 cxd4 8.Nxd4 Bc5
9.Nb3 Nc6 10.Nxc5 bxc5 11.Bd3 Qb8 12.f4 d6 13.O-O a5 14.Nb5 e5 15.Bd2 Nd7
16.fxe5 dxe5 17.Qd1 Nd8 18.Qh5 O-O 19.Bg5 f6 20.Be3 Rf7 21.Rad1 Ne6 22.Bb1 Nd4
23.Bxd4 exd4 24.e5 g6 25.Qh4 Nxe5 26.Rxf6 Qd8 27.Rdf1 Ng4 28.Bxg6 Nxf6 29.Bxf7+ Kg7
30.Be6 Ra6 31.Qg5+ Kh8 32.Rxf6 Rxe6 33.Rf5 Re1+ 34.Kf2 Qxg5 35.Rxg5 Rb1 36.Nd6 Rxb2+
37.Ke1 h6 38.Rxc5 Bxg2 39.Rxa5 d3 40.Rd5 Bxd5 41.cxd5 Kg7 42.h4  0-1

[Event "TCh-SVK"]
[Site "SVK"]
[Date "2000.11.26"]
[Round "4"]
[White "Turna,S"]
[Black "Marek,S"]
[Result "1/2-1/2"]
[WhiteElo "2257"]
[BlackElo "2205"]

1.d4 Nf6 2.c4 e6 3.Nf3 b6 4.a3 Bb7 5.Nc3 d5 6.cxd5 Nxd5 7.Qc2 c5 8.e4 Nxc3
9.bxc3 Nd7 10.Bd3 Qc7 11.Bb2 cxd4 12.cxd4 Qxc2 13.Bxc2 Be7 14.O-O O-O 15.Rfe1 Rac8
16.Bb3 Bf6 17.Rad1 Rfd8 18.Re2 Ba6 19.Red2 Bc4 20.Bxc4 Rxc4 21.e5 Be7 22.d5 exd5
23.Rxd5 Rc2 24.Nd4 Rxb2 25.Nc6 Re8 26.Rxd7 Bxa3 27.Rd8 Rf8 28.Nxa7 g6 29.R8d2 Rxd2
30.Rxd2 Bc5 31.Nb5 Ra8 32.Kf1  1/2-1/2

[Event "TCh-SVK"]
[Site "SVK"]
[Date "2000.11.26"]
[Round "4"]
[White "Irsai,J"]
[Black "Petrik,T"]
[Result "1/2-1/2"]
[WhiteElo "2331"]
[BlackElo "2289"]

1.d4 Nf6 2.c4 e6 3.Nf3 b6 4.a3 Bb7 5.Nc3 d5 6.Bg5 Be7 7.e3 O-O 8.Rc1 h6 9.Bh4 dxc4
10.Bxc4 Nbd7 11.O-O c5 12.Qe2 cxd4 13.exd4 Rc8 14.Ba6 Bxa6 15.Qxa6 Qc7 16.Bg3 Nb8
17.Bxc7 Nxa6 18.Bg3 Nc7 19.Ne5 Ncd5 20.Nb5 a6 21.Na7 Ra8 22.Nac6 Bd6 23.Nd3 Bxg3
24.hxg3 Rfc8 25.Rc2 Kf8 26.Rfc1 Rc7 27.Nce5 Rac8 28.Rxc7 Rxc7 29.Rxc7 Nxc7
30.Kf1 Nfd5 31.Nc4 Ke7 32.Nde5 f6 33.Nf3 Kd7 34.Ke2 b5 35.Na5 Nb6 36.b3 Kd6
37.Kd3 Nd7 38.Nd2 f5 39.Nb7+ Kc6 40.Nd8+ Kd6 41.Nb7+ Kd5 42.Nf1 Nf6 43.Nc5 Kc6
44.Ne3 a5 45.a4 Kb6 46.axb5 Kxb5 47.Nc4 Kb4 48.Ne5  1/2-1/2

[Event "FIDE WCh Women KO"]
[Site "New Delhi IND"]
[Date "2000.11.30"]
[Round "2.1"]
[White "Ioseliani,N"]
[Black "Koskela,N"]
[Result "1-0"]
[WhiteElo "2476"]
[BlackElo "2191"]

1.d4 Nf6 2.c4 e6 3.Nf3 b6 4.a3 Bb7 5.Nc3 d5 6.cxd5 Nxd5 7.Qc2 c5 8.e4 Nxc3
9.bxc3 Qc7 10.Bb5+ Bc6 11.Bd3 Nd7 12.O-O Be7 13.Qe2 Bb7 14.e5 h6 15.Bf4 a6
16.a4 Qc6 17.Rfd1 Nf8 18.Bc4 Qe4 19.Be3 Ng6 20.Rab1 Bd8 21.Bd3 Qc6 22.Ne1 Ne7
23.Qg4 h5 24.Qe2 Nd5 25.Be4 c4 26.Qa2 Qc7 27.Bxd5 Bxd5 28.Nc2 Be7 29.f3 O-O
30.Nb4 Bb7 31.Qf2 a5 32.Nc2 Bd5 33.Qg3 Rfb8 34.Bh6 Bf8 35.Na3 h4 36.Qg4 h3
37.Nb5 Qc6 38.Kf2 Kh7 39.Bg5 hxg2 40.Rg1 Rb7 41.Rxg2 f5 42.exf6 Rf7 43.Rg3 Kg8
44.Rbg1 e5 45.Qh5  1-0

[Event "FIDE WCh Women KO"]
[Site "New Delhi IND"]
[Date "2000.12.03"]
[Round "3.1"]
[White "Cmilyte,V"]
[Black "Maric,A"]
[Result "1/2-1/2"]
[WhiteElo "2335"]
[BlackElo "2443"]

1.d4 Nf6 2.c4 e6 3.Nf3 b6 4.a3 Bb7 5.Nc3 d5 6.Qc2 Be7 7.cxd5 Nxd5 8.Bd2 O-O
9.e4 Nxc3 10.Bxc3 c5 11.dxc5 bxc5 12.Rd1 Qb6 13.Ne5 Qc7 14.Be2 Bf6 15.Nc4 Bxc3+
16.bxc3 Nc6 17.O-O Rfd8 18.Qa4 Ne7 19.f3 Bc6 20.Qa5 Qxa5 21.Nxa5 Ba4 22.Rxd8+ Rxd8
23.Nb7 Rc8 24.Rb1 g5 25.Kf2 Ng6 26.Nd6 Rd8 27.Nc4 Bc6 28.g3 g4 29.fxg4 Bxe4
30.Rb5 Ne7 31.Rxc5 Nd5 32.Ne5 Rb8 33.c4 Nc3 34.Ke3 Rb3 35.Bd3 Bxd3 36.Rc8+ Kg7
37.Kxd3 Rxa3 38.Kc2 Ne4 39.Rc7 Kf6 40.Nxf7 Ra2+ 41.Kd3 Nf2+ 42.Kc3 Nxg4 43.c5 Ne3
44.Kb3 Rxh2 45.Rxa7 Rg2 46.Nd6 Ke5 47.Nc4+ Nxc4 48.Kxc4 Rxg3 49.Rxh7 Rg1
50.Kb5 Kd5 51.Rd7+ Ke4 52.c6 e5 53.c7 Rc1 54.Kb6 Kf3 55.Rf7+ Kg3 56.Re7 Rb1+
57.Ka6 Rc1 58.Kb7 Rb1+ 59.Kc6 Kf4 60.Rf7+ Ke4 61.Rf6 Rc1+ 62.Kd7 Rxc7+ 63.Kxc7 Kd4
64.Rd6+ Kc3 65.Rc6+ Kd3 66.Rd6+ Kc3 67.Re6 Kd4 68.Kc6 e4 69.Rd6+ Kc3 70.Kd5  1/2-1/2

[Event "Open"]
[Site "Padova ITA"]
[Date "2000.12.04"]
[Round "3"]
[White "Straub,P"]
[Black "Alberton,R"]
[Result "0-1"]
[WhiteElo "2084"]
[BlackElo "2147"]

1.d4 Nf6 2.c4 e6 3.Nf3 b6 4.a3 Bb7 5.Nc3 d5 6.cxd5 Nxd5 7.Qc2 Be7 8.e4 Nxc3
9.bxc3 O-O 10.Bd3 Nd7 11.O-O h6 12.Be3 Re8 13.Qd2 Bf8 14.Bf4 c5 15.Qe3 cxd4
16.cxd4 Nf6 17.h3 Rc8 18.Rfc1 Qd7 19.Ne5 Qa4 20.Rxc8 Rxc8 21.Rc1 Qxa3 22.Rxc8 Bxc8
23.Nc4 Qb4 24.e5 Nd5 25.Qe4 g6 26.Bd2 Qe7 27.Nd6 Bd7 28.h4 f5 29.exf6 Qxf6
30.Nc4 Bb5 31.Qf4 Bg7 32.Be3 h5 33.Qg3 Kh7 34.Bf1 Bxc4 35.Bxc4 Nxe3 36.fxe3 e5
37.dxe5 Qxe5 38.Qxe5 Bxe5 39.Kf2 Kg7 40.Kf3 Kf6 41.g4 hxg4+ 42.Kxg4 Bc3 43.Ba6 Bd2
44.Kf4 Be1 45.Kg4 Bf2 46.e4 Ke5 47.Bb7 b5 48.h5 gxh5+ 49.Kxh5 b4 50.Bd5 Kd4
51.Kg4 Kc3 52.Kf3 Bd4 53.Ke2 Kc2 54.Bc6 b3 55.Ba4 Be5 56.Ke3 Kc3 57.Bb5 a5  0-1